000 00962nam a2200265Ia 4500
003 OSt
005 20221005111354.0
006 a|||||r|||| 00| 0
007 ta
008 221004b |||||||| |||| 00| 0 hin d
020 _a8170556740 (hbk)
_c395
024 _a13550
037 _b269, 03/03/2014, Vani Prakashan
_cTextual
040 _aCRL
_cCRL
_bhin
041 _2hin
_ahin
082 _aO152,1:g(R5), K7;N9
100 _aजैन, निर्मला
245 0 _aरस सिद्धांत और सौदर्यशास्त्र
246 _aRas siddhāanta aur saudaryashāstra
260 _aनई दिल्ली
_bवाणी प्रकाशन भारत
_c1999
300 _a467पृ0
_ccm.
650 _aहिन्दी साहित्य
942 _hO152,1:g(R5), K7;N9
_cTEXL
_2cc
999 _c1021636
_d1021636